World Of Tanks General Knowledge - Statistics

General Stats
  • This quiz has been taken 468 times
  • The average score is 18 of 30
Answer Stats
Hint Answer % Correct
How many tiers are there in total? 10
99%
On maximum, how many players are on each team in a tier 8 skirmish match? 10
99%
What type of amunition do most howitzers fire as standard ammo? HE
92%
What tier is the Luchs? 4
87%
How manyt different tank types are there? 5
86%
What tier are premium vehicles best at money making? 8
83%
What tanks has the most hitpoints in the game? Maus
78%
What nation is generally blessed with high burst auto-loaders, high manuverability and poor armor? France
76%
What is the top speed of the Maus? 20
75%
What tanks type are generally snipers in the game? Tank Destroyers
72%
What is the tier 9 american heavy tank? M103
64%
What's the calliber of the top gun on the Conqueror? 120
63%
What vehicle has the highest calliber of gun in the game? T92
62%
What term is used when a tank is shoowing only its turret to the the enemy Hull Down
58%
What calliber is the T29's top gun? 105
57%
What is the well know nickname of the FV215B183? Death Star
57%
How much damage does the E-100 do on average firing AP ammunition with its top gun? 750
56%
What tier 10 tank is notoriously good at ramming? E50M
49%
What tanks has the lowest top speed in the game? T95
49%
What is the top speed of the IS? 34
48%
How fast does the hull a AMX 13 90 turn? 40
45%
What kind of armor do T26E4 SuperPershing have in the front Spaced
42%
What calliber is that gun? 240
41%
What is a very popular tier 6 clan wars medium tank Cromwell
38%
What tier 2 Tank Destroyer is very well know for being Over-Powered? T18
37%
How thick is the front of the hull of an IS-3? 110
36%
What artillery at tier 7 is well know for having an overkill and ridiculously big gun for its tier? S-51
34%
What is the reward tank for completing the 4th set of missions? Object 260
32%
What is the real name of "Bert The Avenger" FV304
23%
How much clip pottential does a M41 Walker Bulldog have on average with its autoloader? 1500
20%
No matching quizzes found
Score Distribution
Percent of People with Each Score
Percentile by Number Answered
Your Score History
You have not taken this quiz